Regional cooperation in Asia
Salvato in:
| Ente Autore: | |
|---|---|
| Natura: | Libro |
| Lingua: | inglese |
| Pubblicazione: |
Ciudad de México
ONU
1965
|
| Soggetti: | |
| Tags: |
Aggiungi Tag
Nessun Tag, puoi essere il primo ad aggiungerne!!
|
MARC
| LEADER | 00000nam a2200000 a 4500 | ||
|---|---|---|---|
| 001 | UCT8048 | ||
| 003 | CL-VaPUC | ||
| 008 | 970317e19650000MX |||||||||||||||||eng|d | ||
| 082 | 0 | 4 | |a 337.115 |b UNI |2 21 |
| 110 | 2 | |a United Nations |e author |9 379504 | |
| 245 | 1 | 0 | |a Regional cooperation in Asia |
| 300 | |a 51 p | ||
| 942 | |c BK | ||
| 945 | |d 19970317 00:00:00 |a paguirre | ||
| 260 | |a Ciudad de México |b ONU |c 1965 | ||
| 650 | 0 | |a Desarrollo económico y social |9 256320 | |
| 650 | 0 | |a Cooperación internacional |9 255447 | |
| 650 | 0 | |a Integración económica |9 255024 | |
| 650 | 0 | |a Mercado común |9 378790 | |
| 651 | 0 | |a Asia |9 268338 | |
| 583 | |a last modification |c 19970317 00:00:00 |k Rodrigo Vera | ||
| 999 | |c 256584 |d 256582 | ||
| 952 | |0 0 |1 0 |4 0 |6 337_115000000000000_UNI_1965 |7 0 |8 A |9 279380 |a BIBDER |b BIBDER |d 2019-11-19 |i 1812173 |o 337.115 UNI 1965 |p 1812173 |r 2023-01-25 |w 2019-11-19 |y BK |k DER | ||